|
|
|
|
| LEADER |
00000nab a2200000 a 4500 |
| 001 |
vtls000286532 |
| 003 |
SK-MaSNL |
| 005 |
20260305004709.0 |
| 008 |
250422c1987 xo 0 slo |
| 015 |
|
|
|a SNBRB19rr/mm-uuuuu
|
| 035 |
|
|
|a CL0296650
|
| 035 |
|
|
|a urn:nbn:sk:snk-abbh8u
|
| 035 |
|
|
|a (urnnbn)urn:nbn:sk:snk:ar-000v7y
|
| 035 |
|
|
|a (uuid)b43272cb-ad58-44b3-af7f-bfa49d2db9cb
|
| 040 |
|
|
|a SNKBUCL
|b slo
|c SNKBUCL
|e AACR2
|
| 041 |
0 |
|
|a eng
|
| 044 |
|
|
|a xo
|c SK
|
| 080 |
|
|
|a 616.831.9-002:577.115
|2 1981
|
| 080 |
|
|
|a 577.115
|2 1981
|
| 100 |
1 |
|
|a Bukovský, Vladimír,
|d 1946-
|4 aut
|9 216675
|
| 245 |
1 |
0 |
|a CNS lipids of guinea pigs with chronic experimental allergic encephalomyelitis
|c Vladimír Bukovský, Viliam Mézeš, Kamil Belej
|
| 300 |
|
|
|b Obr. 1. Tb. 2. Grafy 2. Res. slov., rus., lit. 27 zázn. v slov., angl.
|
| 650 |
0 |
7 |
|a encefalomyelitída
|2 snkbucl
|9 16640
|
| 650 |
0 |
7 |
|a lipidy
|2 snkbucl
|9 15288
|
| 655 |
|
7 |
|a články z novín a časopisov
|2 snkbucl
|9 267496
|
| 700 |
1 |
|
|a Mézeš, Viliam,
|d 1928-
|4 aut
|9 38507
|
| 700 |
1 |
|
|a Belej, Kamil,
|d 1942-
|4 aut
|9 196519
|
| 773 |
0 |
|
|t Biológia
|g Roč. 42, č. 4 (1987), s. 381-389
|
| 850 |
|
|
|a Slovenská národná knižnica
|
| 852 |
|
|
|a Slovenská národná knižnica
|
| 954 |
|
|
|a odborná, vedecká literatúra pôvodná (slovenská)
|2 lita
|
| 958 |
|
|
|a article15
|
| 958 |
|
|
|a NB
|
| 958 |
|
|
|a RK
|
| 958 |
|
|
|a OND
|
| 958 |
|
|
|a EUIPO
|
| 992 |
|
|
|a RBX
|
| 999 |
|
|
|c 3237261
|d 3239191
|